V Gelnici zrušili kultúrne stredisko, desať pracovníkov nedostalo decembrové mzdy

Bibliographic Details
Main Author: Karasová, Erika, 1973- (Author)
Corporate Author: Mestské kultúrne stredisko (Gelnica, Slovensko) (Author)
Format: Article
Language:Slovak
ISSN:1335-759X
Subjects:

MARC

LEADER 00000nab a2200000 a 4500
001 vtls001020944
003 SK-MaSNL
005 20260303035308.0
008 040720e20040204xo 0 slo
035 |a SN6845 
040 |a SNSK  |b slo  |c SNSK  |e AACR2 
041 0 |a slo 
044 |a xo  |c SK 
080 |a 374  |2 1981 
080 |a 008  |2 1981 
100 1 |a Karasová, Erika,  |d 1973-   |4 aut  |9 89869 
245 1 0 |a V Gelnici zrušili kultúrne stredisko, desať pracovníkov nedostalo decembrové mzdy 
610 2 7 |a Mestské kultúrne stredisko (Gelnica, Slovensko)  |2 SNSK  |9 94940 
650 0 7 |a zrušenie  |2 SNSK  |9 878039 
651 7 |a Gelnica (Slovensko)  |2 SNSK  |9 16801 
651 7 |a GL,  |2 SNSK  |9 1021384 
655 7 |a periodikum  |2 snkbucl  |9 29553 
710 2 |a Mestské kultúrne stredisko (Gelnica, Slovensko)   |4 aut  |9 94940 
773 0 8 |t Spišský denník  |g Roč. 6, č.28, 4.2.2004, s. 1  |x 1335-759X 
852 |a ZVYKNI  |b KIS3GCP 
999 |c 1676930  |d 1678860